000 00566nmm a2200169Ia 4500
008 251105s9999||||xx |||||||||||||||||und||
020 _a9788484892403
041 _aspa
100 _aMuñoz Palomares, Antonio
245 0 _aEl teatro de Mira de Amescua :
_b Para una lectura política y social de la comedia áurea
264 _a[Madrid, España] :
_bIberoamericana Vervuert,
_c2007
300 _a448 páginas
490 _aBiblioteca Áurea Hispánica
650 _aSpanish literature
856 _uhttps://public.digitaliapublishing.com/a/15407
942 _cCF
999 _c86554
_d86554